000 00874nam a2200265 a 4500
001 473
003 BR-CuiBMT
005 20231107233608.0
008 230807s2010 mgba 001 0 por d
020 _a9788577002856
040 _aBR-CuiBMT
_cBR-CuiBMT
080 _a342.9:35
_22007
090 _a342.9:35
_bM838d
_c2. ed.
100 1 0 _aMoreira, João Batista Gomes,
_d1952-
245 1 0 _aDireito administrativo :
_bda rigidez autoritária à flexibilidade democrática /
_cJoão Batista Gomes Moreira.
250 _a2. ed. rev., atual. e ampl.
260 _aBelo Horizonte:
_bFórum,
_c2010.
300 _a481 p. :
_bil. ;
_c24 cm
504 _aInclui bibliografia.
650 _aDireito administrativo
_zBrasil
650 _aModelos de administração
650 _aAdministração pública
_xControle
650 _aServiço público
_xAdministração
942 _2udc
_cLV
999 _c473
_d473